Pays les plus proches de la Macédoine du Nord - 1 min sprint - Statistiques

Statistiques générales
  • Ce quiz a été pris 91 fois
  • Le résultat moyen est 14 sur 20
Statistiques - réponses
km pays % Correct
0 Grèce
95%
0 Albanie
90%
169 Roumanie
89%
0 Serbie
89%
0 Bulgarie
88%
0 Kosovo
88%
79 Monténégro
85%
179 Croatie
83%
577 Slovénie
80%
183 Bosnie- Herzégovine
78%
204 Italie
73%
434 Hongrie
72%
274 Turquie
68%
648 Slovaquie
65%
577 Moldavie
64%
635 Autriche
58%
575 Ukraine
56%
739 Pologne
38%
695 Saint-Marin
31%
666 Vatican
30%
Aucun quiz correspondant
Distribution des résultats
% des personnes avec chaque résultat
Percentile par nombre de réponses
Votre historique - résultats
Vous n’avez pas pris ce quiz